Random Kpop song quiz (6) - Statistics

General Stats
  • This quiz has been taken 43 times
  • The average score is 18 of 40
Answer Stats
Song Artist % Correct
Pink Venom BLACKPINK
97%
Swim BTS
97%
Strategy TWICE
95%
Igloo KISS OF LIFE
87%
Fashion CORTIS
82%
It's Me ILLIT
79%
Heya IVE
79%
God of Music SEVENTEEN
79%
Lemonade aespa
76%
Bad Boy Red Velvet
74%
Plot Twist TWS
74%
Love 119 RIIZE
68%
Moonwalkin' LNGSHOT
66%
Motto ITZY
63%
Lemon Drop ATEEZ
61%
Girls Never Die tripleS
61%
Nice Guy BOYNEXTDOOR
58%
Rough GFRIEND
55%
Focus Hearts2Hearts
55%
I Do Me KiiiKiii
55%
Giddy Kep1er
39%
Mr. Mr. SNSD
39%
Pookie FIFTY FIFTY
37%
Good So Bad ZEROBASEONE
32%
Crown EXO
29%
Welcome to the Show DAY6
24%
My First Love Song KickFlip
24%
BTTF NCT DREAM
24%
As You Wish WJSN
18%
Curious AND2BLE
13%
Fxxk It BIGBANG
13%
The Fifth Season (SSFWL) OH MY GIRL
13%
Ponzona PURPLE KISS
13%
T.B.H QWER
13%
Trophy 82MAJOR
11%
Spaghetti LE SSERAFIM
11%
Her Block B
8%
Love Attack RESCENE
8%
Love or Die CRAVITY
5%
Chan-Ran IDID
0%
No matching quizzes found
Score Distribution
Percent of People with Each Score
Percentile by Number Answered
Your Score History
You have not taken this quiz